01160nam a2200193Ia 4500001001000000003001000010008004100020040002500061041001300086100004500099245005300144250001100197260006400208300002600272500026000298501011400558520026000672650003400932L235-9476IT-CnALBA170116s9999||||xx |||||||||||||| ||und|| aIT-CnALBAcIT-CnALBA aITALIANO aSPARACIO P. DOMENICO MARIA, CONVENTUALE. 0aLA SANTUZZA: SANTA ROSALIA VERGINE PALERMITANA.  a2a ed. a PALERMObCASTIGLIA G. ARTI GRAFICHE c1924 [1° Ed.: n.d.] a96 p. (prefazione: 7) aFONTI: LA TRADIZIONE. I BIOGRAFI. TEMOI E AMBIENTE. CASATO. NOME. PATRIA. SOLITUDINE. TRASFERIMENTO. MORTE BEATA. INVENZIONE DEL CORPO SUL MONTE PELLEGRINO. LA PESTE. I CONVENTUALI. I MIRACOLI. IL TRIONFO. FESTE TRICENTENARIE. BENEDETTO XV E PEGLI. CONGRE aSocietà San Paolo EM - Piazza San Paolo, 14 - 12051 ALBA (CN) (non commercial uses only) ® Copyright 2017 aFONTI: LA TRADIZIONE. I BIOGRAFI. TEMOI E AMBIENTE. CASATO. NOME. PATRIA. SOLITUDINE. TRASFERIMENTO. MORTE BEATA. INVENZIONE DEL CORPO SUL MONTE PELLEGRINO. LA PESTE. I CONVENTUALI. I MIRACOLI. IL TRIONFO. FESTE TRICENTENARIE. BENEDETTO XV E PEGLI. CONGRE aMARIA SS. ANGELI SANTI DEMONI